000 00346nam a22001457a 4500
003 OSt
008 250507b |||||||| |||| 00| 0 eng d
100 _aPATHIK, Pandit Satypaal
245 _aPathik Bajan Sangarah Part 3
250 _a21th
260 _aNew Delhi
_bArya Prakashan
_c2021
300 _a332
650 _aGeneral
942 _2ddc
_cBK
999 _c13565
_d13565